Sports Quiz

Random Sports or Baseball Quiz

MLB - Last Division Champion Lineups - NL Quiz Stats

 Plays Quiz not verified by Sporcle

Challenge
Share
Tweet
Embed
Score 0/135 Timer 10:00
0 Plays Today
Team Player % Correct
Nationals - 2014Bryce Harper
96.2%
Phillies - 2011Jimmy Rollins
96.2%
Phillies - 2011Chase Utley
95.8%
Phillies - 2011Ryan Howard
95.3%
Reds - 2012Joey Votto
95.3%
Brewers - 2011Ryan Braun
95.3%
Giants - 2012Brandon Belt
92.8%
Nationals - 2014Jayson Werth
91.5%
Mets - 2006David Wright
91.5%
Mets - 2006Jose Reyes
91.1%
Dodgers - 2014Adrian Gonzalez
91.1%
Giants - 2012Buster Posey
91.1%
Padres - 2006Adrian Gonzalez
91.1%
Cardinals - 2014Matt Carpenter
89.8%
Pirates - 1992Barry Bonds
89.8%
Cubs - 2008Derrek Lee
89.8%
Cardinals - 2014Yadier Molina
89.4%
Cubs - 2008Aramis Ramirez
89.4%
Reds - 2012Brandon Phillips
89.4%
Dodgers - 2014Hanley Ramirez
89.4%
Mets - 2006Carlos Beltran
87.7%
Cardinals - 2014Matt Holliday
87.3%
Dodgers - 2014Clayton Kershaw
86.9%
Cardinals - 2014Adam Wainwright
86.4%
Brewers - 2011Prince Fielder
86.4%
Dodgers - 2014Matt Kemp
86.4%
Giants - 2012Pablo Sandoval
85.6%
Phillies - 2011Carlos Ruiz
85.2%
Reds - 2012Jay Bruce
85.2%
Nationals - 2014Stephen Strasburg
84.7%
Nationals - 2014Ian Desmond
83.9%
Phillies - 2011Roy Halladay
83.9%
Dodgers - 2014Yasiel Puig
83.9%
Giants - 2012Matt Cain
83.9%
Braves - 2013Justin Upton
83.5%
D-Backs - 2011Justin Upton
83.5%
Braves - 2013Freddie Freeman
83.1%
Phillies - 2011Hunter Pence
82.2%
Giants - 2012Hunter Pence
82.2%
Dodgers - 2014Carl Crawford
81.8%
Giants - 2012Brandon Crawford
81.8%
Braves - 2013Brian McCann
80.9%
Nationals - 2014Adam LaRoche
80.1%
Phillies - 2011Shane Victorino
80.1%
Brewers - 2011Rickie Weeks
79.7%
Team Player % Correct
Braves - 2013Chris Johnson
78.4%
Braves - 2013Elliot Johnson
78.4%
Nationals - 2014Denard Span
77.5%
Rockies - (Never)no
77.5%
Marlins - (Never)no
77.5%
Marlins - (Never)no
77.5%
Marlins - (Never)no
77.5%
Marlins - (Never)no
77.5%
Marlins - (Never)no
77.5%
Marlins - (Never)no
77.5%
Marlins - (Never)no
77.5%
Marlins - (Never)no
77.5%
Marlins - (Never)no
77.5%
Rockies - (Never)no
77.5%
Rockies - (Never)no
77.5%
Rockies - (Never)no
77.5%
Rockies - (Never)no
77.5%
Rockies - (Never)no
77.5%
Rockies - (Never)no
77.5%
Rockies - (Never)no
77.5%
Rockies - (Never)no
77.5%
Braves - 2013Jason Heyward
77.1%
Cardinals - 2014Matt Adams
77.1%
Giants - 2012Angel Pagan
75.8%
Pirates - 1992Andy Van Slyke
75%
Cardinals - 2014Jhonny Peralta
73.3%
Reds - 2012Johnny Cueto
72.9%
Mets - 2006Carlos Delgado
72%
Nationals - 2014Anthony Rendon
71.6%
Cardinals - 2014John Jay
69.1%
Brewers - 2011Jonathan Lucroy
67.4%
Cubs - 2008Alfonso Soriano
66.5%
Dodgers - 2014AJ Ellis
66.1%
Nationals - 2014Wilson Ramos
64.4%
Mets - 2006Paul Lo Duca
64%
Braves - 2013Andrelton Simmons
63.6%
Padres - 2006Jake Peavy
62.7%
D-Backs - 2011Miguel Montero
61.4%
Brewers - 2011Yovani Gallardo
61%
Cubs - 2008Geovany Soto
59.7%
Reds - 2012Scott Rolen
59.7%
Pirates - 1992Doug Drabek
59.3%
Phillies - 2011Raul Ibanez
58.1%
Brewers - 2011Corey Hart
58.1%
D-Backs - 2011Chris Young
57.6%
Team Player % Correct
Reds - 2012Zack Cozart
55.9%
Dodgers - 2014Juan Uribe
55.5%
Dodgers - 2014Dee Gordon
53.8%
Pirates - 1992Jay Bell
53.4%
Phillies - 2011Placido Polanco
49.6%
Giants - 2012Marco Scutaro
49.2%
Padres - 2006Mike Piazza
48.7%
Mets - 2006Shawn Green
47.5%
Cubs - 2008Kosuke Fukudome
47.5%
D-Backs - 2011Aaron Hill
47.5%
Cubs - 2008Ryan Dempster
46.2%
D-Backs - 2011Ian Kennedy
46.2%
Nationals - 2014Asdrubal Cabrera
44.1%
Reds - 2012Ryan Ludwick
42.4%
Pirates - 1992Jose Lind
39.4%
Cubs - 2008Ryan Theriot
39.4%
Giants - 2012Gregor Blanco
39.4%
Padres - 2006Brian Giles
38.6%
Pirates - 1992Jeff King
36.9%
Pirates - 1992Mike LaValliere
33.5%
Reds - 2012Ryan Hanigan
33.5%
Reds - 2012Drew Stubbs
31.8%
Brewers - 2011Nyjer Morgan
31.8%
D-Backs - 2011Ryan Roberts
31.4%
Padres - 2006Dave Roberts
31.4%
Braves - 2013Evan Gattis
29.2%
Padres - 2006Mike Cameron
28%
Cardinals - 2014Randal Grichuk
27.1%
Cardinals - 2014Pete Kozma
27.1%
Mets - 2006John Maine
26.3%
D-Backs - 2011Gerardo Parra
26.3%
Cubs - 2008Mark DeRosa
25.4%
Mets - 2006Cliff Floyd
25%
Braves - 2013Kris Medlen
22.9%
Brewers - 2011Yuniesky Betancourt
21.6%
Pirates - 1992Orlando Merced
20.8%
Mets - 2006Jose Valentin
18.2%
Cubs - 2008Jim Edmonds
18.2%
D-Backs - 2011Willie Bloomquist
9.3%
Pirates - 1992Alex Cole
8.9%
Brewers - 2011Jerry Hairston
8.5%
D-Backs - 2011Lyle Overbay
8.1%
Padres - 2006Josh Barfield
8.1%
Padres - 2006Russell Branyan
5.9%
Padres - 2006Geoff Blum
5.9%

You're not logged in!

Compare scores with friends on all Sporcle quizzes.
OR
Log In

You Might Also Like...

Show Comments

Extras

Top Quizzes Today


Score Distribution

Your Account Isn't Verified!

In order to create a playlist on Sporcle, you need to verify the email address you used during registration. Go to your Sporcle Settings to finish the process.

Report this User

Report this user for behavior that violates our Community Guidelines.

Details: